000 00391nam a2200145 i 4500
001 84414
003 ES-MaACL
005 20230906175018.0
007 t|
008 041122s1903 sp ||||1| spa d
100 1 _aJimeno Caridad, Antonio.
_966645
245 1 0 _aEvoluciones de la nebulosa /
_cAntonio Jimeno Caridad.
260 _aLogroƱo :
_b[s.n.,
_c1903]
852 _aES-MaACL
_jT-1044-F-2
999 _c84414
_d84414